00647nam a22002057a 450000500170000001000130001702000230003003500130005303700160006604000120008208200160009424500790011026000430018927000610023230000250029350000520031865000250037065000210039570000250041620170124110016.0 aB-019307 c450.00a8173913323 aB-019307 bCen Lib/Ret aDPLbEN a338.04bENT aEntrepreneurship and economic development /cedited by J.V. Prabhakara Rao bKanishka Publishers c2000aNew Delhi  bNew Delhi a4697/5-21A, ansari road, dariya ganje110002 axii, 212p.c21cm(Hb) aIncludes bibliographical references and index  aEconomic development aEntrepreneurship aRao, J.V. Prabhakara